| 000 | 00762nam a2200241 a 4500 | ||
|---|---|---|---|
| 001 | BRCA_4593 | ||
| 005 | 20190320204729.0 | ||
| 008 | 240910s1930----sp-a######---#000-0#spa-# | ||
| 041 | _aspa | ||
| 044 | _asp | ||
| 084 |
_aDP302 _b.M37 1930 |
||
| 100 | 1 |
_aMartínez Sierra, Gregorio _d1881-1947 _911620 |
|
| 245 | 1 | 0 |
_aEspaña _bAndalucía _cGregorio Martínez Sierra ; acuarelas de Marius Hubert-Robert. |
| 260 |
_aBarcelona _bEdita _c1930 |
||
| 300 |
_a160 p. _bil. a color, 13 láminas _c33 cm. |
||
| 500 | _aCFG74 | ||
| 650 | 1 | 4 |
_aAcuarelas _911621 |
| 651 | 4 |
_aAndalucía, España _xDescripción _911622 |
|
| 651 | 4 |
_aEspaña _xDescripción y viajes _97912 |
|
| 700 | 1 |
_aHubert Robert, Marius _f1733-1808 _eIlustrador _911623 |
|
| 902 | _aGFM | ||
| 942 |
_2lcc _cB |
||
| 999 |
_c4298 _d4298 |
||